Dimensiones sociales, políticas y culturales del desarrollo /

Esta antología contiene una selección de los trabajos de Enzo Faletto escritos durante los últimos 30 años de su vida. La agrupación de los textos se rigen bajo 5 grandes ejes. Por un lado, los ámbitos de la sociedad y el comportamiento social: el desarrollo, la política, la cultura y la estructura...

ver descrição completa

Na minha lista:
Detalhes bibliográficos
Autor principal: Faletto, Enzo
Outros Autores: Garretón, Manuel Antonio
Formato: Desconhecido
Idioma:Spanish
Publicado em: Bogotá, Colombia : Siglo del Hombre Editores, CLACSO,
Edição:2 edición revisada
Colecção:Pensamiento Crítico Latinoamericano
Assuntos:
Tags: Adicionar Tag
Sem tags, seja o primeiro a adicionar uma tag!

MARC

LEADER 00000 a2200000 04500
001 40223
003 cru CIDCACS/IIS
005 20210408091524.0
008 050701s2009 ck spa d
020 |a 978-958-66-131-8  
040 |c CIDCACS/IIS 
090 |a 05.03.04 F187d 
100 |a Faletto, Enzo  
245 |a Dimensiones sociales, políticas y culturales del desarrollo /   |c compiladores Enzo Faletto y Manuel Antonio Garretón  
250 |a 2 edición revisada  
260 |a Bogotá, Colombia :   |b Siglo del Hombre Editores,   |b CLACSO,  
300 |a 396 páginas  
440 |a Pensamiento Crítico Latinoamericano  
520 |a Esta antología contiene una selección de los trabajos de Enzo Faletto escritos durante los últimos 30 años de su vida. La agrupación de los textos se rigen bajo 5 grandes ejes. Por un lado, los ámbitos de la sociedad y el comportamiento social: el desarrollo, la política, la cultura y la estructura social. Por otro, uno que atraviesa todos los anteriores: el papel de la sociología y los intelectuales y su responsabilidad social en nuestros países.  
650 |a DESARROLLO  
650 |a POLITICA  
650 |a CULTURA  
650 |a ESTRUCTURA SOCIAL  
700 |a Garretón, Manuel Antonio  
700 |e compilador  
942 |2 ddc  |c LI 
999 |c 43637  |d 43637